| 000 | 00000nam##2200000za#4500 |
| 001 | 9.570587 |
| 003 | CaOODSP |
| 005 | 20210624182319 |
| 007 | cr ||||||||||| |
| 008 | 150406|1998||||xxc|||||o f|0| 0 eng|d |
| 040 | |aCaOODSP|beng |
| 043 | |an-cn--- |
| 086 | 1 |aC21-24/20-1998E-PDF |
| 110 | 1 |aCanada.|bIndustry Canada. |bMicro-Economic Analysis Directorate. |
| 245 | 10|aInformation technology and labour productivity growth : |h[electronic resource]|ban empirical analysis for Canada and the United States / |cby Surendra Gera, Wulong Gu and Frank C. Lee. |
| 260 | |aOttawa - Ontario : |bIndustry Canada. |cMarch 1998. |
| 300 | |a49p.|btables |
| 490 | 1 |aWorking paper series|vNo. 20 |
| 500 | |aThe catalogue number (C21-24/20-1998) and ISBN (0-662-63436-5) for the bilingual print edition have been incorrectly copied in this electronic publication. |
| 504 | |aBibliography. |
| 590 | |a12-10-Supp|b2012-03-23 |
| 720 | 1 |aGera, Surendra |
| 720 | 1 |aGu, Wulong |
| 720 | 1 |aLee, Frank C. |
| 775 | 08|tTechnologie de l'information et croissance de la productivité du travail : |w(CaOODSP)9.601236 |
| 776 | 0#|tInformation technology and labour productivity growth : |w(CaOODSP)9.530472 |
| 776 | 0#|tTechnologie de l'information et croissance de la productivité du travail : |w(CaOODSP)9.530473 |
| 830 | #0|aWorking paper series ;|vNo. 20|w(CaOODSP)9.504711 |
| 856 | 40|ahttp://publications.gc.ca|qPDF|s652 KB|uhttps://publications.gc.ca/collections/Collection/C21-24-20-1998E.pdf|yNo. 20 |